Visual assessment of windfarms (Record no. 109640)

MARC details
000 -LEADER
fixed length control field 00960cad a22002295a 4500
001 - CONTROL NUMBER
control field E147598
008 - FIXED-LENGTH DATA ELEMENTS--GENERAL INFORMATION
fixed length control field 090528s2002 xxk f 000 0 eng d
035 ## - SYSTEM CONTROL NUMBER
System control number (Sirsi) u147598
041 0# - LANGUAGE CODE
Language code of text/sound track or separate title eng
050 04 - LIBRARY OF CONGRESS CALL NUMBER
Classification number 621.45 $2 18
110 2# - MAIN ENTRY--CORPORATE NAME
Corporate name or jurisdiction name as entry element Scottish Natural Heritage
9 (RLIN) 2794
245 00 - TITLE STATEMENT
Title Visual assessment of windfarms
Remainder of title best practice
Medium [electronic resource]
260 ## - PUBLICATION, DISTRIBUTION, ETC.
Place of publication, distribution, etc. Edinburgh
Name of publisher, distributor, etc. SNH
Date of publication, distribution, etc. 2002
490 #0 - SERIES STATEMENT
Series statement Scottish Natural Heritage Commissioned Report
Volume/sequential designation (F01AA303A)
520 ## - SUMMARY, ETC.
Summary, etc. Presents the results of research into the ways in which Visual Impact Assessment of wind farms is dealt with in Environmental Impact Assessments, and offers best practice guidance for VIAs of wind farms.
521 ## - TARGET AUDIENCE NOTE
Target audience note Advanced
590 ## - LOCAL NOTE (RLIN)
Local note KA
651 #4 - SUBJECT ADDED ENTRY--GEOGRAPHIC NAME
Geographic name Scotland
Chronological subdivision 1999-
690 ## - LOCAL SUBJECT ADDED ENTRY--TOPICAL TERM (OCLC, RLIN)
Topical term or geographic name as entry element ENVIRONMENTAL AND LAND CONSULTANCY-ENERGY-RENEWABLE ENERGY
856 40 - ELECTRONIC LOCATION AND ACCESS
Uniform Resource Identifier <a href="https://www.snh.org.uk/pubs/detail.asp?id=187">https://www.snh.org.uk/pubs/detail.asp?id=187</a>
Public note View the report free of charge at www.snh.org.uk...
942 ## - ADDED ENTRY ELEMENTS (KOHA)
Suppress in OPAC 0
Holdings
Withdrawn status Lost status Source of classification or shelving scheme Damaged status Not for loan Home library Current library Shelving location Date acquired Total Checkouts Full call number Barcode Date last seen Copy number Price effective from Koha item type
    Dewey Decimal Classification     Virtual Virtual Online 28/05/2009   ONLINE PUBLICATION 147598-2001 06/08/2019 1 06/08/2019 Book